| 000 | 01077nam a2200289 a 4500 | ||
|---|---|---|---|
| 001 | BRL_866 | ||
| 005 | 20190320210930.0 | ||
| 008 | 211013s1986----cn-ao#####---#000-0#eng-# | ||
| 020 | _a0888651082 | ||
| 041 | _aeng | ||
| 044 | _acn | ||
| 050 | 4 |
_aE78.N78 _b.L66 1986 |
|
| 100 | 1 |
_aLominska Johnson, Elizabeth _925181 |
|
| 245 | 1 | 0 |
_aHands of our ancestors _bThe Revival of Salish Weaving at Musqueam _cElizabeth Lominska Johnson and Kathryn Bernick ; photograph by Mila Cotic. |
| 260 |
_aCanadá _bUBC Museum of Anthropology _c1986 |
||
| 300 |
_a32 p. _bil. _c25 cm. |
||
| 440 | 0 |
_aMuseum note _v16 _925182 |
|
| 500 | _aAu975 | ||
| 650 | 1 | 4 |
_aIndígenas de América del Norte _xIndumentaria _zCosta Noroeste de América del Norte _925183 |
| 650 | 1 | 4 |
_aIndígenas de América del Norte _xVida social y costumbres _zCosta Noroeste de América del Norte _925184 |
| 650 | 1 | 4 |
_aArte indígena _zCosta Noroeste de América del Norte _925108 |
| 650 | 1 | 4 |
_aTelas _925185 |
| 700 | 1 |
_aBernick, Kathryn _925186 |
|
| 700 | 1 |
_aBeCotic, Mila _eil. _925187 |
|
| 902 | _aGRL | ||
| 942 |
_2lcc _cB |
||
| 999 |
_c9678 _d9678 |
||